Bus C6 - Nantes - Statistiques

Statistiques générales
  • Ce quiz a été pris 27 fois
  • Le résultat moyen est 21 sur 44
Statistiques - réponses
Réponse % Correct
Foch - Cathédrale
100%
Hermeland
100%
Place du Cirque
100%
Saint Nicolas
92%
Bonde
85%
Chantrerie - Grandes Ecoles
85%
Beaujoire
77%
Delorme
77%
Hôtel de ville
77%
Saint Joseph de Porterie
77%
Saint Pierre
69%
Châlet
62%
Eraudière
62%
Lallié
62%
Ranzay
62%
Belges - Montbazon
54%
Bretéché
54%
Guindré
54%
Koufra
54%
Coudray
46%
Keren
46%
Linot
46%
Moulin de Porterie
46%
Batignolles
38%
Cochard
38%
Embellie
38%
Harouys
38%
Roseraie
38%
Couchant
31%
Mondésir
31%
Pontecorvo
31%
Portricq
31%
Procé
31%
Camus
23%
Le Nain
23%
Polyclinique
23%
Vincent Auriol
23%
Doumer
15%
Perron
15%
Poincaré
15%
Ambroise Paré
8%
Saint Laurent
8%
Tillay
8%
Dervaillères
0%
Aucun quiz correspondant
Distribution des résultats
% des personnes avec chaque résultat
Percentile par nombre de réponses
Votre historique - résultats
Vous n’avez pas pris ce quiz